Sexual and gender development of young children : The role of the educator (Record no. 1380424)

MARC details
000 -LEADER
fixed length control field 00669nam a2200217Ia 4500
005 - DATE AND TIME OF LATEST TRANSACTION
control field 20250508163033.0
008 - FIXED-LENGTH DATA ELEMENTS--GENERAL INFORMATION
fixed length control field 008 250505s9999 xx 000 0 eng d
020 ## - INTERNATIONAL STANDARD BOOK NUMBER
International Standard Book Number 0-88410-169-X
037 ## - SOURCE OF ACQUISITION
Stock number Textual
040 ## - CATALOGING SOURCE
Original cataloging agency FEDL
Language of cataloging eng
Transcribing agency FEDL
041 ## - LANGUAGE CODE
Language code of text/sound track or separate title eng
Source of code eng
084 ## - COLON CLASSIFICATION NUMBER
Classification number 155.3, ORE
Assigning agency FEDL
100 ## - MAIN ENTRY--PERSONAL NAME
Personal name Oremland Evelyn K. Ed.
9 (RLIN) 457445
245 #0 - TITLE STATEMENT
Title Sexual and gender development of young children : The role of the educator
260 ## - PUBLICATION, DISTRIBUTION, ETC.
Place of publication, distribution, etc. Cambridge
Name of publisher, distributor, etc. Ballinger Publishing Company
Date of publication, distribution, etc. 1977
300 ## - PHYSICAL DESCRIPTION
Extent xiv,336p.
650 ## - SUBJECT ADDED ENTRY--TOPICAL TERM
Topical term or geographic name entry element Personality
700 ## - ADDED ENTRY--PERSONAL NAME
Personal name Oremland Jerome D. Ed.
9 (RLIN) 774594
942 ## - ADDED ENTRY ELEMENTS (KOHA)
Koha item type Textual
Classification part 155.3, ORE
Holdings
Withdrawn status Lost status Damaged status Not for loan Home library Current library Date acquired Total Checkouts Full call number Barcode Date last seen Price effective from Koha item type
        Department of Education Library Department of Education Library 2025-05-08   155.3, ORE EL0073483 2025-05-08 2025-05-08 Textual
Copyright @ Delhi University Library System